The defenders / (Record no. 110284)
[ view plain ]
| 000 -LEADER | |
|---|---|
| fixed length control field | 00587nam a2200169 a 4500 |
| 005 - DATE AND TIME OF LATEST TRANSACTION | |
| control field | 20140414131853.0 |
| 008 - FIXED-LENGTH DATA ELEMENTS--GENERAL INFORMATION | |
| fixed length control field | 100807s19uu xx 00 eng d |
| 050 ## - LIBRARY OF CONGRESS CALL NUMBER | |
| Classification number | M 971.03 |
| Item number | L75 1994 |
| 100 ## - MAIN ENTRY--PERSONAL NAME | |
| Personal name | Livesey, Robert. |
| 245 ## - TITLE STATEMENT | |
| Title | The defenders / |
| Statement of responsibility, etc | Robert Livesey & A.G. Smith. |
| 260 ## - PUBLICATION, DISTRIBUTION, ETC. (IMPRINT) | |
| Place of publication, distribution, etc | Toronto : |
| Name of publisher, distributor, etc | Stoddart, |
| Date of publication, distribution, etc | [1998?] |
| 440 ## - SERIES STATEMENT/ADDED ENTRY--TITLE | |
| Title | Discovering Canada |
| 500 ## - GENERAL NOTE | |
| General note | Originally published: 1994. Includes index. |
| 650 ## - SUBJECT ADDED ENTRY--TOPICAL TERM | |
| Topical term or geographic name as entry element | Canada --History, Military --19th century --Juvenile literature. |
| 650 ## - SUBJECT ADDED ENTRY--TOPICAL TERM | |
| Topical term or geographic name as entry element | Ontario --History --War of 1812 --Juvenile literature. |
| Withdrawn status | Lost status | Damaged status | Home library | Current library | Shelving location | Date acquired | Total Checkouts | Full call number | Barcode | Date last seen | Price effective from | Koha item type |
|---|---|---|---|---|---|---|---|---|---|---|---|---|
| Munich Library | Munich Library | Main Section | 08/07/2010 | M 971.03 L75 1994 | M0629 | 04/14/2014 | 04/14/2014 | Books |